000 00330nam a22001337a 4500
008 180227b xxu||||| |||| 00| 0 eng d
020 _a9780791458501
041 _aeng
080 _a37
100 _a25
101 _aEDU
245 _aPracticemakespractice a critical study of learning to teach
_cBritzman,D.P
942 _2udc
_cBK
999 _c43544
_d43544